LEADER 01159nam0-22003251i-450- 001 990004578480403321 005 20140924082052.0 035 $a000457848 035 $aFED01000457848 035 $a(Aleph)000457848FED01 035 $a000457848 100 $a19990604g19691975km-y0itay50------ba 101 0 $aita 105 $ay---e---001-y 200 1 $aMaria nella scrittura e nella tradizione della chiesa primitiva$fa cura di p. Francesco Spedalieri 210 $aRoma$cHerder$dstampa 1969-1975 215 $a3 v.$d24 cm 300 $aImprimatur 1968 327 1 $a1.: Studio diretto sulle fonti. - 1968$a2.1.: Studi e problemi : maternità spirituale della Vergine. - 1968$a2.2.: Studi e problemi : i privilegi della Madre di Dio redentore. - 1975 610 0 $aMariologia 676 $a232.91$v18 702 1$aSpedalieri,$bFrancesco 801 0$aIT$bUNINA$gRICA$2UNIMARC 901 $aBK 912 $a990004578480403321 952 $a232.91 SPE 1 (1)$bBibl. 44631$fFLFBC 952 $a232.91 SPE 1 (2.2)$bDMPI 49917$fFLFBC 959 $aFLFBC 996 $aMaria nella scrittura e nella tradizione della chiesa primitiva$9549254 997 $aUNINA LEADER 01219cam2-2200361---450- 001 990005508420403321 005 20101021110740.0 035 $a000550842 035 $aFED01000550842 035 $a(Aleph)000550842FED01 035 $a000550842 100 $a19990604d1978----km-y0itay50------ba 101 0 $aeng 102 $aIT 105 $aa-------001yy 200 1 $aIconography of the Saints in the Painting of North East Italy$fby George Kaftal$gwith the collaboration of Fabio Bisogni 210 $aFlorence$cSansoni$dc1978 215 $aXXX, 1342$cill.$d32 cm 300 $aEd. di 1000 esempl. num, esempl. n. 277 461 0$1001000550827$12001$aSaints in Italian Art$fby George Kaftal$v3 610 0 $aSanti$aIconografia$aItalia$aSec. 13.- 16 610 0 $aSanti$aIconografia$aItalia nord-orientale 676 $a755.630945 676 $a704.9486309453 700 1$aKaftal,$bGeorge$f<1897-1987>$0152316 702 1$aBisogni,$bFabio 801 0$aIT$bUNINA$gRICA$2UNIMARC 901 $aBK 912 $a990005508420403321 952 $a755.63 KAF 1 (3)$bST.ARTE 14977$fFLFBC 959 $aFLFBC 996 $aIconography of the Saints in the Painting of North East Italy$9609260 997 $aUNINA